000 00704nam a2200241 a 4500
008
020 _a0415104424 (pbk.)
049 _aMAIN
090 _aHF1416
100 1 0 _aMajaro, Simon.
245 1 0 _aInternational marketing :
_ba strategic approach to world markets /
_cSimon Majaro.
250 _aRev. 7th ed.
260 0 _aLondon :
_bRoutledge,
_c1993.
300 _a307 p. ;
_c24 cm.
504 _aIncludes bibliographical references : p. 299-301.
500 _aIncludes index.
650 0 _aExport marketing.
907 _a.b10076165
_b22-01-04
_c03-06-03
003
005 20230123133252.0
040 _cNUST
942 _cBOOKS
_kHF1416
999 _c145651
_d145651